Bajo el yugo (Record no. 182904)

MARC details
000 -LEADER
campo de control de longitud fija 00791nam a2200229 i 4500
001 - NÚMERO DE CONTROL
campo de control 182904
003 - IDENTIFICADOR DE NÚMERO DE CONTROL
campo de control ES-MaACL
005 - FECHA Y HORA DE LA ÚLTIMA TRANSACCIÓN
campo de control 20250824231410.0
008 - DATOS DE LONGITUD FIJA--INFORMACIÓN GENERAL
campo de control de longitud fija 131211s1949 sp |||| | spa d
080 ## - NÚMERO DE LA CLASIFICACIÓN DECIMAL UNIVERSAL
Número de la Clasificación Decimal Universal 891.81-311.2"19"
100 1# - ENTRADA PRINCIPAL--NOMBRE DE PERSONA
Nombre de persona Vasov, Ivan.
9 (RLIN) 153945
245 10 - MENCIÓN DEL TÍTULO
Título Bajo el yugo
Resto del título : novela /
Mención de responsabilidad, etc. Ivan Vasov ; [traducción del búlgaro por T. Neikov y J. A. Zúñiga].
250 ## - MENCION DE EDICION
Mención de edición [1ª ed.].
260 ## - PUBLICACIÓN, DISTRIBUCIÓN, ETC.
Lugar de publicación, distribución, etc. [Barcelona] :
Nombre del editor, distribuidor, etc. José Janés,
Fecha de publicación, distribución, etc. 1949.
300 ## - DESCRIPCIÓN FÍSICA
Extensión 444 p. con 1 h. de lám. 1 h. ;
Dimensiones 17 cm.
490 1# - MENCIÓN DE SERIE
Mención de serie La vuelta al mundo en ochenta libros. Bulgaria
700 1# - ENTRADA AGREGADA--NOMBRE PERSONAL
Nombre de persona Neïkov, Todor Petrov.
9 (RLIN) 153946
700 1# - ENTRADA AGREGADA--NOMBRE PERSONAL
Nombre de persona Zúñiga, J. A.
9 (RLIN) 153947
830 13 - PUNTO DE ACCESO ADICIONAL DE SERIE-TÍTULO UNIFORME
Título uniforme La vuelta al mundo en ochenta libros
9 (RLIN) 186522
852 4# - LOCALIZACIÓN
Ubicación ES-MaACL
Número de control de estantería D-7383
Holdings
Estatus retirado Estado de pérdida Estado de daño No para préstamo Biblioteca de origen Biblioteca actual Ubicación en estantería Fecha de adquisición Fuente de adquisición Total de préstamos Signatura topográfica completa Código de barras Visto por última vez Precio de reemplazo Tipo de ítem Koha
        Biblioteca del Ateneo de Madrid Biblioteca del Ateneo de Madrid Sala Valle Inclán 11/12/2013     D-7383 901192232 23/02/2023 23/02/2023 Libro impreso